[Event "PRO League Pacific 2017"]
[Site "chess.com INT"]
[Date "2017.01.18"]
[Round "2"]
[White "Hua, David A"]
[Black "Nagle, Sean"]
[Result "0-1"]
[BlackTitle "IM"]
[WhiteElo "2285"]
[BlackElo "2423"]
[WhiteTeam "Pittsburgh Pawngrabbers"]
[BlackTeam "Minnesota Blizzard"]
[WhiteFideId "2030047"]
[BlackFideId "2013878"]
[EventDate "2017.01.11"]

1. d4 Nf6 2. c4 g6 3. Nc3 Bg7 4. e4 d6 5. Nf3 Bg4 6. Be2 Nfd7 7. Be3 a6 8. O-O
c5 9. d5 Bxf3 10. Bxf3 b5 11. cxb5 axb5 12. a3 Na6 13. Be2 Nc7 14. Qc2 Qb8 15.
b4 O-O 16. Rfb1 cxb4 17. Rxb4 Rc8 18. Bd2 h5 19. a4 Na6 20. Rxb5 Qc7 21. Rc1 Ne5
22. Qd1 Nc5 23. Be3 Ned7 24. f3 Qd8 25. Rbb1 Qa5 26. Nb5 Qxa4 27. Qf1 Qa5 28.
Nd4 Qa3 29. Bf2 Bxd4 30. Bxd4 Nb3 31. Rxc8+ Rxc8 32. Be3 Rc3 33. Qf2 Qa2 34. Re1
Rc2 35. Qf1 Ndc5 36. Bf2 Nd2 37. Ra1 Nxf1 38. Rxa2 Rxa2 39. Bxf1 Ra1 40. g3 Nd3
41. Be3 Ne1 42. Kf2 Nxf3 43. h4 Ne5 44. Bd4 Ng4+ 45. Kg2 Ra4 46. Bc3 Rxe4 47.
Bd2 Ne3+ 48. Kf3 Nxf1 49. Kxe4 Nxd2+ 50. Kd3 Nf1 51. Ke2 Nxg3+ 52. Kf3 Nf5 53.
Kf4 Nxh4 54. Kg3 Nf5+ 55. Kf4 Kg7 56. Kg5 Ne3 57. Kf4 Nxd5+ 58. Kf3 Kf6 59. Ke4
e6 60. Kf3 Kf5 61. Kg3 g5 62. Kf3 h4 63. Kg2 g4 64. Kh2 Kf4 65. Kg2 Ne3+ 66. Kf2
g3+ 67. Ke2 Ke4 68. Ke1 Kf3 69. Kd2 g2 70. Kd3 g1=Q 71. Kd4 Qd1+ 72. Kc3 Qc2+
73. Kb4 Qc4+ 74. Ka5 Qb3 75. Ka6 Nd5 76. Ka7 Qb6+ 77. Ka8 Nc7# 0-1

[Event "PRO League Pacific 2017"]
[Site "chess.com INT"]
[Date "2017.01.18"]
[Round "2"]
[White "Petesch, Gabriel N"]
[Black "Nagle, Sean"]
[Result "0-1"]
[WhiteTitle "FM"]
[BlackTitle "IM"]
[WhiteElo "2260"]
[BlackElo "2423"]
[WhiteTeam "Pittsburgh Pawngrabbers"]
[BlackTeam "Minnesota Blizzard"]
[WhiteFideId "2032465"]
[BlackFideId "2013878"]
[EventDate "2017.01.11"]

1. d4 Nf6 2. Nf3 g6 3. g3 Bg7 4. Bg2 O-O 5. O-O d6 6. Bf4 c6 7. a4 Qa5 8. h3
Nbd7 9. Nbd2 Nd5 10. Nb3 Qc7 11. Bd2 e5 12. e4 N5f6 13. Re1 Re8 14. dxe5 dxe5
15. Qe2 Nf8 16. Bc3 N6d7 17. h4 Ne6 18. a5 Ndc5 19. Nxc5 Nxc5 20. Qc4 Ne6 21. h5
Bd7 22. Rad1 Rad8 23. Rd3 b5 24. axb6 axb6 25. Rdd1 b5 26. Qa2 Ra8 27. Qb1 Red8
28. b4 c5 29. Rd5 cxb4 30. Bxe5 Bxe5 31. Nxe5 Bc6 32. Nxc6 Qxc6 33. Qxb4 Qxc2
34. Qxb5 Nc7 35. Rxd8+ Rxd8 36. Qe5 Rd2 37. h6 Ne6 38. Bh3 Qb2 39. Qxb2 Rxb2 40.
Rc1 Nf8 41. Bg2 g5 42. Rc5 Ne6 43. Rc8+ Nf8 0-1

[Event "PRO League Pacific 2017"]
[Site "chess.com INT"]
[Date "2017.01.18"]
[Round "2"]
[White "Petesch, Gabriel N"]
[Black "Tang, Andrew"]
[Result "1-0"]
[WhiteTitle "FM"]
[BlackTitle "IM"]
[WhiteElo "2260"]
[BlackElo "2466"]
[WhiteTeam "Pittsburgh Pawngrabbers"]
[BlackTeam "Minnesota Blizzard"]
[WhiteFideId "2032465"]
[BlackFideId "2059630"]
[EventDate "2017.01.11"]

1. Nf3 d5 2. b3 Nf6 3. Bb2 c5 4. e3 a6 5. c4 Nc6 6. d4 Bf5 7. Be2 dxc4 8. bxc4
e6 9. O-O Be7 10. Qb3 O-O 11. Rd1 Qc7 12. Nc3 cxd4 13. exd4 Rac8 14. Na4 Na5 15.
Qc3 Nxc4 16. Rac1 b5 17. Bxc4 Ne4 18. Qe3 bxc4 19. d5 Qa5 20. Nb6 Bc5 21. Nxc8
Bxe3 22. Ne7+ Kh8 23. fxe3 Qxa2 24. Bd4 Qf2+ 25. Kh1 Bh3 26. Rg1 Qxf3 27. Bxg7+
Kxg7 28. gxf3+ Kf6 29. Ng8+ Rxg8 30. Rxg8 Nd2 31. Rg3 Bf5 32. e4 Bg6 33. Rc2 Nf1
34. Rxc4 Bh5 35. Rh3 Bg6 36. f4 Nd2 37. e5+ Ke7 38. d6+ Kd8 39. Rc7 Be4+ 40. Kg1
Bd5 41. Rg3 Nf3+ 42. Kf2 1-0

[Event "PRO League Pacific 2017"]
[Site "chess.com INT"]
[Date "2017.01.18"]
[Round "2"]
[White "Nyzhnyk, Illya"]
[Black "Akobian, Varuzhan"]
[Result "1/2-1/2"]
[WhiteTitle "GM"]
[BlackTitle "GM"]
[WhiteElo "2616"]
[BlackElo "2633"]
[WhiteTeam "Webster Windmills"]
[BlackTeam "St Louis Arch Bishops"]
[WhiteFideId "14118084"]
[BlackFideId "13300580"]
[EventDate "2017.01.11"]

1. d4 e6 2. Nf3 Nf6 3. c4 d5 4. Nc3 Be7 5. Qc2 O-O 6. Bg5 Nbd7 7. e3 h6 8. Bh4
c5 9. cxd5 Nxd5 10. Bxe7 Qxe7 11. Nxd5 exd5 12. dxc5 Nxc5 13. Be2 Bg4 14. O-O
Rac8 15. h3 Bxf3 16. Bxf3 Ne4 17. Qd3 Qe5 18. Rab1 Rc5 19. Rfd1 Rfc8 20. Qd4 Qf5
21. Bxe4 Qxe4 22. Qxe4 dxe4 23. Rd7 Rb5 24. b4 Rc4 25. a3 a5 26. Ra1 axb4 27.
axb4 g6 28. Ra8+ Kg7 29. Re8 Rf5 30. Rxb7 Rc1+ 31. Kh2 Rxf2 32. Rxe4 g5 33. h4
Kg6 34. hxg5 hxg5 35. Kh3 Rcc2 36. Rb6+ f6 37. Ree6 Rb2 38. b5 Kh5 39. Rxf6 g4+
40. Kg3 Rxg2+ 41. Kf4 Rgf2+ 42. Ke5 Rxf6 43. Kxf6 g3 44. Rb8 Kg4 45. e4 g2 46.
Rg8+ Kf3 47. e5 Rxb5 48. e6 Rb6 49. Kf7 Rxe6 50. Kxe6 Kf2 51. Rxg2+ Kxg2 1/2-1/2

[Event "PRO League Pacific 2017"]
[Site "chess.com INT"]
[Date "2017.01.18"]
[Round "2"]
[White "Belous, Vladimir"]
[Black "Arribas Lopez, Angel"]
[Result "1/2-1/2"]
[WhiteTitle "GM"]
[BlackTitle "GM"]
[WhiteElo "2564"]
[BlackElo "2511"]
[WhiteTeam "Rio Grande Ospreys"]
[BlackTeam "Dallas Destiny"]
[WhiteFideId "4174003"]
[BlackFideId "2283352"]
[EventDate "2017.01.11"]

1. c4 e5 2. Nc3 Nf6 3. g3 d5 4. cxd5 Nxd5 5. Bg2 Nb6 6. d3 Be7 7. Be3 O-O 8. Rc1
Nc6 9. Nf3 Be6 10. O-O Nd5 11. Nxd5 Bxd5 12. a3 a5 13. Qa4 Rb8 14. Bc5 Bd6 15.
Rfd1 Qe7 16. Qb5 Bxc5 17. Qxc5 Qxc5 18. Rxc5 Rfd8 19. Rdc1 f6 20. Nd2 Bxg2 21.
Kxg2 Kf8 22. f4 exf4 23. gxf4 Re8 24. Kf2 Rbd8 25. Ne4 Re7 26. Rb5 Nd4 27. Rxb7
f5 28. Ng3 Ne6 29. Rc4 g6 30. Rb5 h5 31. h4 Ra8 32. Ra4 Kf7 33. e3 Rd7 34. d4 c5
35. dxc5 Rd2+ 36. Kf3 Rc2 37. Rb7+ Kf6 38. Rb6 Rxc5 39. b4 Rd5 40. Ne2 Kf7 41.
Rb7+ Kf8 42. bxa5 Raxa5 43. Ra7 Rxa4 44. Rxa4 Rd3 45. Ra5 Ke7 46. Kf2 Rd2 47.
Ke1 Ra2 48. Ra7+ Kd6 49. Ra6+ Ke7 50. Nc3 Rh2 51. Nd5+ Kd7 52. a4 Rxh4 53. Nf6+
Ke7 54. Nd5+ Kd7 55. a5 Rh1+ 56. Kf2 h4 57. Nf6+ Ke7 58. Nd5+ Kd7 59. Kg2 Ra1
60. Ra8 g5 61. fxg5 Nxg5 62. a6 Ra2+ 63. Kf1 h3 64. a7 Ra1+ 65. Kf2 h2 66. Rh8
Rxa7 67. Rxh2 Ra2+ 68. Kg3 Ne4+ 69. Kh3 Ng5+ 70. Kg3 Rxh2 71. Kxh2 Kd6 72. Nf4
Ke5 73. Kg3 Ke4 74. Ng2 Nf7 75. Kh4 Kf3 76. Kh3 Ng5+ 77. Kh2 Kf2 78. Nf4 Kxe3
79. Ng6 Nf3+ 80. Kh1 Nd4 81. Ne7 f4 82. Nd5+ Ke4 83. Nxf4 Kxf4 1/2-1/2

[Event "PRO League Pacific 2017"]
[Site "chess.com INT"]
[Date "2017.01.18"]
[Round "2"]
[White "Belous, Vladimir"]
[Black "Harmon-Vellotti, Luke"]
[Result "1-0"]
[WhiteTitle "GM"]
[BlackTitle "IM"]
[WhiteElo "2564"]
[BlackElo "2454"]
[WhiteTeam "Rio Grande Ospreys"]
[BlackTeam "Dallas Destiny"]
[WhiteFideId "4174003"]
[BlackFideId "2030012"]
[EventDate "2017.01.11"]

1. c4 e5 2. Nc3 Nc6 3. g3 g6 4. Bg2 Bg7 5. Nf3 d6 6. O-O f5 7. d3 Nf6 8. Rb1 O-O
9. b4 Ne7 10. c5 h6 11. Qb3+ Kh7 12. a4 g5 13. b5 g4 14. cxd6 cxd6 15. Nd2 d5
16. Ba3 d4 17. Na2 Re8 18. Nc4 Be6 19. Bxb7 Rb8 20. Bg2 f4 21. Nb4 h5 22. Na6
Rc8 23. Nc5 Rxc5 24. Bxc5 h4 25. Bxe7 Rxe7 26. Qb4 Nh5 27. Qd6 Qe8 28. Bc6 Bd7
29. Be4+ Kh8 30. Bg6 Qd8 31. Bxh5 Re6 32. Qd5 Rh6 33. Bxg4 1-0

[Event "PRO League Pacific 2017"]
[Site "chess.com INT"]
[Date "2017.01.18"]
[Round "2"]
[White "Tang, Andrew"]
[Black "Sakai, Hibiki"]
[Result "1-0"]
[WhiteTitle "IM"]
[WhiteElo "2466"]
[BlackElo "2097"]
[WhiteTeam "Minnesota Blizzard"]
[BlackTeam "Pittsburgh Pawngrabbers"]
[WhiteFideId "2059630"]
[BlackFideId "7000995"]
[EventDate "2017.01.11"]

1. d4 d5 2. Bf4 Nf6 3. e3 c5 4. Nf3 Nc6 5. Nbd2 Bf5 6. dxc5 Nd7 7. Nd4 Bg6 8.
Nxc6 bxc6 9. b4 e5 10. Bg3 a5 11. a3 Rb8 12. c4 axb4 13. axb4 dxc4 14. Nxc4 Rxb4
15. Nxe5 Nxe5 16. Qxd8+ Kxd8 17. Bxe5 f6 18. Bd4 Kc7 19. Kd2 Be7 20. Kc3 Rhb8
21. Ra7+ Kd8 22. Bc4 Rb2 23. Ra2 R2b4 24. Be6 R4b5 25. Bc4 Rb4 26. Rha1 Rb1 27.
Rxb1 Rxb1 28. Be6 Rb7 29. Ra8+ Kc7 30. Rc8# 1-0

[Event "PRO League Pacific 2017"]
[Site "chess.com INT"]
[Date "2017.01.18"]
[Round "2"]
[White "Tang, Andrew"]
[Black "Shabalov, Alexander"]
[Result "1/2-1/2"]
[WhiteTitle "IM"]
[BlackTitle "GM"]
[WhiteElo "2466"]
[BlackElo "2563"]
[WhiteTeam "Minnesota Blizzard"]
[BlackTeam "Pittsburgh Pawngrabbers"]
[WhiteFideId "2059630"]
[BlackFideId "2008572"]
[EventDate "2017.01.11"]

1. d4 d6 2. c4 Nf6 3. Nc3 g6 4. e4 Bg7 5. f3 O-O 6. Nge2 a6 7. Be3 c6 8. c5 Nbd7
9. cxd6 exd6 10. Nf4 b5 11. Be2 Re8 12. Qd2 b4 13. Na4 Qa5 14. b3 c5 15. O-O d5
16. e5 cxd4 17. Bxd4 Rxe5 18. Bxe5 Nxe5 19. Rac1 Bf5 20. Rc5 Qd8 21. Nxd5 Nh5
22. g4 Qh4 23. gxf5 Re8 24. f4 Ng4 25. Ne7+ Rxe7 26. Rc8+ Bf8 27. Bxg4 Qxg4+ 28.
Qg2 Qxf5 29. Rc5 Qd3 30. Rxh5 Re2 31. Qg4 Qe3+ 32. Kh1 Qe4+ 33. Kg1 Qd4+ 34. Kh1
Qe4+ 35. Kg1 1/2-1/2

[Event "PRO League Pacific 2017"]
[Site "chess.com INT"]
[Date "2017.01.18"]
[Round "2"]
[White "He, Anthony B"]
[Black "Zavortink, Matt B"]
[Result "1/2-1/2"]
[WhiteElo "2183"]
[BlackElo "1979"]
[WhiteTeam "Seattle Sluggers"]
[BlackTeam "Portland Rain"]
[WhiteFideId "2088215"]
[BlackFideId "2034263"]
[EventDate "2017.01.11"]

1. e4 e6 2. d4 d5 3. Nd2 Be7 4. Ngf3 Nf6 5. Bd3 c5 6. dxc5 dxe4 7. Nxe4 Nxe4 8.
Bxe4 Qxd1+ 9. Kxd1 Bxc5 10. Ke1 Nd7 11. c3 Nf6 12. Bc2 O-O 13. Bf4 b6 14. Rd1
Ba6 15. Ne5 Rfd8 16. h3 Rxd1+ 17. Bxd1 Ne4 18. Ng4 Rd8 19. Bc2 Bb7 20. f3 Nf6
21. Bg5 Be7 22. Ne5 h6 23. Bh4 Nd5 24. Bxe7 Nxe7 25. Ke2 f6 26. Nd3 Ba6 27. Rd1
Nd5 28. Kf2 Nc7 29. Nf4 Rxd1 30. Bxd1 Kf7 31. Bb3 g5 32. Ne2 Bxe2 33. Kxe2 Ke7
34. Ke3 Kd6 35. g3 a5 36. Kd4 Nb5+ 37. Kc4 Nc7 38. a4 Ke5 39. Kd3 Na6 40. Bc2
Kd5 41. Bb3+ Ke5 42. Ke3 Nc5 43. Bc2 Na6 44. f4+ gxf4+ 45. gxf4+ Kd5 46. Bb3+
Kd6 47. Bc4 Nc5 48. Bb5 e5 49. b4 Ne6 50. fxe5+ Kxe5 51. Bc4 Nf4 52. bxa5 bxa5
53. Bf1 Nd5+ 54. Kd3 Nb6 55. Bg2 Nxa4 56. Kc4 f5 57. Bc6 Nb2+ 58. Kb5 a4 59. Kb4
f4 60. c4 a3 61. Kxa3 Nxc4+ 62. Kb4 Ne3 63. Kc3 Nd5+ 64. Kd3 Nf6 65. Ke2 Kf5 66.
Kf3 Kg5 67. Bb7 Nd7 68. Bd5 Ne5+ 69. Ke4 Ng6 70. Be6 Kh4 71. Bf5 Ne7 72. Be6 Kg5
73. h4+ Kf6 74. Bd7 Ng6 75. h5 Nf8 76. Bg4 Kg5 77. Bf3 Nh7 78. Ke5 Nf6 79. Be2
Ng4+ 80. Ke4 Nf6+ 81. Ke5 Ng4+ 82. Ke4 Nf6+ 1/2-1/2

[Event "PRO League Pacific 2017"]
[Site "chess.com INT"]
[Date "2017.01.18"]
[Round "2"]
[White "He, Anthony B"]
[Black "Tarjan, James E"]
[Result "1-0"]
[BlackTitle "GM"]
[WhiteElo "2183"]
[BlackElo "2406"]
[WhiteTeam "Seattle Sluggers"]
[BlackTeam "Portland Rain"]
[WhiteFideId "2088215"]
[BlackFideId "2000180"]
[EventDate "2017.01.11"]

1. e4 c6 2. d4 d5 3. f3 Qb6 4. Nc3 e6 5. Nge2 Nd7 6. Qd3 dxe4 7. Nxe4 Ngf6 8.
N2c3 Be7 9. Be2 O-O 10. O-O Qc7 11. Bg5 b6 12. Bh4 Bb7 13. Bg3 Qd8 14. Nd6 Bxd6
15. Bxd6 Re8 16. Qd2 c5 17. Rad1 Rc8 18. Bg3 Nh5 19. Bf2 c4 20. Nb5 Nf8 21. Nxa7
c3 22. bxc3 Ra8 23. Nb5 Rxa2 24. Bc4 Ra5 25. Bd3 Ng6 26. Be3 Nf6 27. c4 Qe7 28.
d5 exd5 29. Bxb6 Ra4 30. Rfe1 Qd7 31. c5 Re6 32. Nc3 Rh4 33. Ne2 d4 34. Bf5 Rxe2
35. Bxd7 Rxd2 36. Rxd2 Nxd7 37. Re8+ Ngf8 38. g3 Rh6 39. Rxd4 Bc6 40. Rd8 Re6
41. Kf2 f5 42. Bc7 Kf7 43. Bd6 Ng6 44. Rc8 Nge5 45. Bxe5 Nxe5 46. Rc7+ Kf6 47.
Rd6 Bxf3 48. Rxe6+ Kxe6 49. Rxg7 h5 50. Ke3 Be4 51. c3 Kd5 52. Kf4 Ng4 53. h3
Nf2 54. h4 Nh3+ 55. Ke3 Kxc5 56. Rh7 Ng1 57. Rxh5 Nf3 58. g4 Ne5 59. gxf5 Bb1
60. Kf4 Kd6 61. Rh6+ Kd5 62. Rh8 Nf7 63. Rf8 Nh6 64. Kg5 Nxf5 65. Rxf5+ Ke6 66.
Rf6+ Ke7 67. h5 Bd3 68. h6 Bc2 69. Rg6 Kf7 70. h7 1-0

[Event "PRO League Pacific 2017"]
[Site "chess.com INT"]
[Date "2017.01.18"]
[Round "2"]
[White "Robson, Ray"]
[Black "Swiercz, Dariusz"]
[Result "1/2-1/2"]
[WhiteTitle "GM"]
[BlackTitle "GM"]
[WhiteElo "2675"]
[BlackElo "2647"]
[WhiteTeam "Webster Windmills"]
[BlackTeam "St Louis Arch Bishops"]
[WhiteFideId "2023970"]
[BlackFideId "1126881"]
[EventDate "2017.01.11"]

1. e4 e5 2. Nf3 Nc6 3. Bb5 Nf6 4. d3 Bc5 5. Bxc6 dxc6 6. Nbd2 Be6 7. O-O Bd6 8.
d4 Nd7 9. dxe5 Nxe5 10. Nxe5 Bxe5 11. f4 Bd4+ 12. Kh1 f6 13. Qe2 O-O 14. Nf3 Bc5
15. Be3 Qe7 16. Rae1 Rae8 17. Qf2 Bd6 18. b3 Bb4 19. Bd2 Bc5 20. Be3 Bb4 21. Bd2
Bc5 22. Qg3 Bd6 23. Bc3 Qf7 24. e5 fxe5 25. Nxe5 Bxe5 26. Rxe5 Bd5 27. Rg5 g6
28. f5 Re2 29. Qh4 Be4 30. h3 Qd5 31. Rg1 Rxf5 32. Rxf5 Bxg2+ 33. Kh2 Bf3+ 34.
Kg3 Qxf5 35. Qd8+ Kf7 36. Qxc7+ Re7 37. Qf4 Qxf4+ 38. Kxf4 Bd5 39. Rd1 Re2 40.
Rd2 Re4+ 41. Kg5 Re3 42. Rd3 Re2 43. Rd2 Re3 44. Rd3 Re2 45. Rd2 Re4 46. Bd4 b6
47. Rf2+ Ke7 48. c3 Be6 49. Rf3 Bf5 50. Re3 Rxe3 51. Bxe3 Bxh3 52. a4 Be6 53. b4
Kf7 54. a5 bxa5 55. bxa5 a6 56. Bd4 h5 57. Be3 Bf5 58. Bf2 Ke6 59. Kf4 Kd5 60.
Bd4 Kc4 61. Bf6 Kd3 62. Kf3 h4 63. Kf2 h3 64. Kg3 Kc4 65. Be5 g5 66. Bf6 g4 67.
Be5 Be6 68. Bf6 Kb5 69. Bd8 Bd7 70. Bc7 Kc4 71. Be5 Kd3 72. Kf2 Be6 73. Kg3 Bf5
74. Bf6 Bc8 75. Bg7 Ke4 76. Bf6 Ke3 77. Bg5+ Kd3 78. Bf6 Ke2 79. Be5 Kf1 80. Bd4
Bd7 81. Bc5 Ke1 82. Bd4 Kd2 83. Be5 Kd3 84. Bf6 Kc4 85. Be5 Kb5 86. Bc7 Be6 87.
Bd8 Ka4 88. Bc7 c5 89. Bd8 Kb3 90. Bf6 Kc4 91. Be5 Kd5 92. Bf6 Ke4 93. Bg7 Kd3
94. Bf6 Ke2 95. Be7 c4 96. Bf6 Kf1 97. Bd4 Ke2 98. Bc5 Kd3 99. Bd4 Kc2 100. Bf6
Kb3 101. Be5 Bf5 102. Bf6 Be4 103. Be5 Bf3 104. Bf6 Ka4 105. Bd8 Kb5 106. Bc7
Kc6 107. Bd8 Kd5 108. Bf6 Ke4 109. Bg7 Ke3 110. Bd4+ Ke2 111. Be5 Kf1 112. Bd4
Bc6 113. Bc5 Ke2 114. Bd4 Kd3 115. Bf6 Kc2 116. Be5 Kb3 117. Bf6 Kb2 118. Be5
Bd5 119. Bf6 Kb3 120. Be5 Ka4 121. Bc7 Bf3 122. Bd8 Kb5 123. Bc7 1/2-1/2

[Event "PRO League Pacific 2017"]
[Site "chess.com INT"]
[Date "2017.01.18"]
[Round "2"]
[White "Robson, Ray"]
[Black "Ramirez, Alejandro"]
[Result "1-0"]
[WhiteTitle "GM"]
[BlackTitle "GM"]
[WhiteElo "2675"]
[BlackElo "2555"]
[WhiteTeam "Webster Windmills"]
[BlackTeam "St Louis Arch Bishops"]
[WhiteFideId "2023970"]
[BlackFideId "6500617"]
[EventDate "2017.01.11"]

1. e4 c5 2. Nf3 e6 3. d4 cxd4 4. Nxd4 a6 5. Bd3 Qc7 6. O-O Bc5 7. Nb3 Be7 8. Qg4
g6 9. a4 d6 10. a5 Nf6 11. Qe2 Nc6 12. Bh6 Bf8 13. Be3 Bg7 14. Nc3 O-O 15. f4
Re8 16. Na4 Bd7 17. c3 Rac8 18. Nb6 Rcd8 19. Rad1 Bc8 20. Bc2 Qe7 21. Qf3 Nd7
22. Rd2 Nxb6 23. Bxb6 Rd7 24. Rfd1 Bf8 25. Nc1 Bh6 26. Rd3 d5 27. e5 f6 28. exf6
Qxf6 29. Ne2 Rf7 30. Rf1 Qe7 31. Re3 Qf8 32. g3 Kh8 33. Bb3 g5 34. Kh1 Bd7 35.
Bc2 e5 36. Bb3 Bh3 37. Re1 exf4 38. Rxe8 Qxe8 39. Bxd5 g4 40. Bxf7 Qxf7 41. Qe4
f3 42. Nf4 Bf8 43. Bd4+ Nxd4 44. cxd4 Kg8 45. Kg1 Bg7 46. Kf2 h5 47. Qe8+ Qxe8
48. Rxe8+ Kf7 49. Re4 Bf8 50. Nxh5 Bb4 51. Nf4 Bxa5 52. Nxh3 gxh3 53. Kxf3 1-0

[Event "PRO League Pacific 2017"]
[Site "chess.com INT"]
[Date "2017.01.18"]
[Round "2"]
[White "De Vreesse Pieters, Seppe"]
[Black "Swiercz, Dariusz"]
[Result "1/2-1/2"]
[BlackTitle "GM"]
[WhiteElo "2229"]
[BlackElo "2647"]
[WhiteTeam "Webster Windmills"]
[BlackTeam "St Louis Arch Bishops"]
[WhiteFideId "254169"]
[BlackFideId "1126881"]
[EventDate "2017.01.11"]

1. e4 c5 2. Nf3 d6 3. Bb5+ Nd7 4. d4 cxd4 5. Qxd4 a6 6. Bxd7+ Bxd7 7. c4 Nf6 8.
Bg5 e6 9. Nc3 Bc6 10. O-O Be7 11. Qd3 h6 12. Bh4 O-O 13. Nd4 Rc8 14. b3 Qa5 15.
Rac1 Rfd8 16. Nxc6 bxc6 17. Rfd1 Qc7 18. c5 d5 19. Bxf6 Bxf6 20. exd5 cxd5 21.
b4 Qb7 22. a3 Be5 23. Na4 Bc7 24. Rb1 Qc6 25. Nc3 Be5 26. Ne2 Qb7 27. Nd4 Bb8
28. Rdc1 e5 29. Nf5 Qd7 30. Ne3 e4 31. Qxa6 d4 32. Rd1 Rc6 33. Qc4 Rg6 34. Nf1
h5 35. b5 h4 36. g3 hxg3 37. fxg3 e3 38. Nxe3 Bxg3 39. hxg3 Rxg3+ 40. Ng2 Rxg2+
41. Kxg2 Qg4+ 42. Kh2 Qh4+ 43. Kg2 Qg4+ 44. Kh2 Qh4+ 45. Kg2 Qe4+ 46. Kh2 Qf4+
47. Kg2 Qe4+ 48. Kh2 Qh4+ 49. Kg2 Qg4+ 50. Kh2 Qh4+ 1/2-1/2

[Event "PRO League Pacific 2017"]
[Site "chess.com INT"]
[Date "2017.01.18"]
[Round "2"]
[White "De Vreesse Pieters, Seppe"]
[Black "Ramirez, Alejandro"]
[Result "0-1"]
[BlackTitle "GM"]
[WhiteElo "2229"]
[BlackElo "2555"]
[WhiteTeam "Webster Windmills"]
[BlackTeam "St Louis Arch Bishops"]
[WhiteFideId "254169"]
[BlackFideId "6500617"]
[EventDate "2017.01.11"]

1. e4 c5 2. Nf3 e6 3. g3 Nc6 4. Bg2 e5 5. O-O d6 6. c3 Bg4 7. h3 Bxf3 8. Bxf3 g6
9. Na3 Bg7 10. Qb3 Qd7 11. Bg4 Qe7 12. d3 h5 13. Bf3 h4 14. g4 Nf6 15. Nc4 Rb8
16. a4 Nd8 17. Qb5+ Nd7 18. Ne3 Ne6 19. Nd5 Qd8 20. a5 O-O 21. a6 b6 22. Bg2 Nf6
23. Re1 Kh7 24. Bd2 Bh6 25. Be3 Rc8 26. Qc4 Kg7 27. Rf1 Rh8 28. Rae1 Qd7 29. Qb3
b5 30. Qd1 Bxe3 31. Nxf6 Kxf6 32. fxe3+ Kg7 33. Qf3 Qe7 34. Rf2 Rc6 35. Ref1 Ng5
36. Qd1 Rxa6 37. Qb3 Rb8 38. d4 Rb7 39. Qd5 Rc7 40. Rf6 Rb6 41. R6f2 a5 42. dxc5
Rxc5 43. Qa8 a4 44. Rd1 Qd7 45. Qa5 Qc7 46. Rfd2 Rb8 47. Qxc7 Rxc7 48. Rxd6 b4
49. cxb4 Rxb4 50. R1d2 Rc1+ 51. Kh2 Rb1 52. Ra6 R4xb2 53. Rxb2 Rxb2 54. Kg1 Ra2
55. Ra7 a3 56. Bf1 Nf3+ 0-1

[Event "PRO League Pacific 2017"]
[Site "chess.com INT"]
[Date "2017.01.18"]
[Round "2"]
[White "Shankland, Samuel L"]
[Black "Kavutskiy, Konstantin"]
[Result "1-0"]
[WhiteTitle "GM"]
[BlackTitle "FM"]
[WhiteElo "2674"]
[BlackElo "2377"]
[WhiteTeam "San Francisco Mechanics"]
[BlackTeam "San Jose Hackers"]
[WhiteFideId "2004887"]
[BlackFideId "2026384"]
[EventDate "2017.01.11"]

1. d4 Nf6 2. c4 g6 3. Nc3 Bg7 4. e4 d6 5. Nf3 O-O 6. Be2 Nbd7 7. O-O e5 8. Be3
Qe7 9. dxe5 dxe5 10. Nd5 Qd8 11. Qc2 c6 12. Nxf6+ Bxf6 13. Rfd1 Qe7 14. c5 Re8
15. Rd6 Nf8 16. Rad1 Bg4 17. Qb3 Rab8 18. Bc4 Bxf3 19. gxf3 Kg7 20. Kf1 h5 21.
Bxf7 Qxf7 22. Bh6+ Kg8 23. Rxf6 Qxb3 24. axb3 Kh7 25. Bxf8 Rxf8 26. Rd7+ Kh6 27.
Rxf8 Rxf8 28. Kg2 Rb8 29. Re7 b6 30. Rxe5 bxc5 31. Rxc5 Rxb3 32. Rxc6 Rxb2 33.
Ra6 Rb7 34. f4 Kg7 35. Kg3 Re7 36. f3 Rb7 37. Kh4 Kh7 38. Kg5 Rg7 39. h4 Rb7 40.
Rxg6 Rb5+ 41. f5 a5 42. Ra6 Rc5 43. f4 Rb5 44. e5 Rc5 45. Ra7+ Kg8 46. f6 Kf8
47. Kg6 Rc8 48. Rh7 1-0

[Event "PRO League Pacific 2017"]
[Site "chess.com INT"]
[Date "2017.01.18"]
[Round "2"]
[White "Talyansky, Seth D"]
[Black "Feng, Roland"]
[Result "0-1"]
[BlackTitle "FM"]
[WhiteElo "2176"]
[BlackElo "2338"]
[WhiteTeam "Portland Rain"]
[BlackTeam "Seattle Sluggers"]
[WhiteFideId "30907730"]
[BlackFideId "2060086"]
[EventDate "2017.01.11"]

1. e4 e6 2. d4 d5 3. Nc3 Nf6 4. Bg5 dxe4 5. Nxe4 Be7 6. Bxf6 gxf6 7. Nf3 f5 8.
Ng3 a6 9. Qd2 c5 10. O-O-O cxd4 11. Nxd4 Nc6 12. Nxc6 Qxd2+ 13. Rxd2 bxc6 14. f4
c5 15. Bc4 Bb7 16. Rhd1 Rd8 17. Bb3 Bc6 18. Nf1 Rxd2 19. Rxd2 Bd8 20. Rd6 Bb5
21. Rd1 Bc7 22. g3 c4 23. a4 cxb3 24. axb5 bxc2 25. Kxc2 axb5 26. Nd2 Ke7 27.
Nf3 Bd6 28. Rd3 h6 29. Rb3 b4 30. Kd2 h5 31. Ke3 Rc8 32. Kd2 Rc4 33. Rd3 Rc8 34.
Ng5 Rc6 35. Nf3 Ra6 36. Kc2 Ra1 37. Rd2 Rf1 38. Rd3 Rf2+ 39. Kb3 f6 40. Ka2 e5
41. Nh4 Ke6 42. Nxf5 Kxf5 43. Rxd6 Rxh2 44. fxe5 fxe5 45. Rb6 e4 46. Rxb4 e3 47.
Rb8 Ke4 48. Re8+ Kf3 49. Ka3 e2 50. b4 Rh1 0-1

[Event "PRO League Pacific 2017"]
[Site "chess.com INT"]
[Date "2017.01.18"]
[Round "2"]
[White "Talyansky, Seth D"]
[Black "He, Anthony B"]
[Result "0-1"]
[WhiteElo "2176"]
[BlackElo "2183"]
[WhiteTeam "Portland Rain"]
[BlackTeam "Seattle Sluggers"]
[WhiteFideId "30907730"]
[BlackFideId "2088215"]
[EventDate "2017.01.11"]

1. e4 c5 2. Nf3 Nc6 3. Bb5 g6 4. c3 Bg7 5. d4 cxd4 6. cxd4 Nf6 7. Nc3 a6 8. Ba4
b5 9. Bc2 d6 10. h3 O-O 11. O-O Bb7 12. Re1 Na5 13. b3 Rc8 14. Bb2 b4 15. Nb1
Qc7 16. Bd3 d5 17. exd5 Nxd5 18. Nbd2 Nf4 19. Be4 Bxe4 20. Nxe4 Qc2 21. Bc1 Nd3
22. Qxc2 Rxc2 23. Rd1 f5 24. Neg5 Nxc1 25. Rdxc1 Rfc8 26. Rxc2 Rxc2 27. Ne6 Bf6
28. Kf1 Kf7 29. Nf4 Nc6 30. Nd5 Nxd4 31. Nxb4 Rb2 32. Rd1 Nxf3 33. gxf3 a5 34.
Nc6 Rxa2 35. Rd5 Bc3 36. Rc5 Bd2 37. Rd5 Ke6 38. Rd3 Bf4 39. Kg2 Bd6 40. Nd4+
Kf6 41. Nb5 Bc5 42. Kg3 Bxf2+ 43. Kg2 Bc5+ 44. Kf1 Rf2+ 45. Ke1 Rh2 46. Nc7 Rxh3
47. Na6 Rh1+ 48. Ke2 Bd6 49. Rc3 h5 50. Rd3 h4 0-1

[Event "PRO League Pacific 2017"]
[Site "chess.com INT"]
[Date "2017.01.18"]
[Round "2"]
[White "Shabalov, Alexander"]
[Black "Bartholomew, John"]
[Result "1-0"]
[WhiteTitle "GM"]
[BlackTitle "IM"]
[WhiteElo "2563"]
[BlackElo "2447"]
[WhiteTeam "Pittsburgh Pawngrabbers"]
[BlackTeam "Minnesota Blizzard"]
[WhiteFideId "2008572"]
[BlackFideId "2019353"]
[EventDate "2017.01.11"]

1. f4 d5 2. Nf3 g6 3. g3 Bg7 4. Bg2 Nf6 5. d3 O-O 6. O-O c5 7. Qe1 d4 8. c3 Nc6
9. Na3 Rb8 10. Bd2 Nd5 11. Nc2 b5 12. e4 dxe3 13. Nxe3 Bb7 14. Rd1 e6 15. Qf2
Nb6 16. Ng4 Qxd3 17. Be3 Qf5 18. h3 Qh5 19. Bxc5 Rfd8 20. Bd6 Rbc8 21. Nge5 Nxe5
22. fxe5 Bxf3 23. Bxf3 Qxh3 24. Bb7 Rc4 25. Be7 Rb8 26. Qxf7+ Kh8 27. Bf6 Qxg3+
28. Bg2 Qe3+ 29. Rf2 Bxf6 30. Qxf6+ Kg8 31. Rd8+ Rxd8 32. Qxd8+ Kg7 33. Qf8# 1-0